| 000 | 00655nam a22001937a 4500 | ||
|---|---|---|---|
| 005 | 20100809124544.0 | ||
| 010 | _aENG-99136 | ||
| 020 |
_a9788190993401 _c90.00 |
||
| 035 | _aEN-82668 | ||
| 037 | _bDBAD/PUB | ||
| 082 | _a512.02 | ||
| 100 |
_aSelvi,K Tamil _99327 |
||
| 245 |
_aAlgebraic structures / _cby K Tamil Selvi |
||
| 260 |
_aChennai _bGanesh Publishers |
||
| 270 |
_a162, Pedariyar Koil Street _bChennai _e600001 |
||
| 300 |
_a158p _c20cm(pbk) |
||
| 942 |
_2ddc _cEN _h512.02 _mSelvi |
||
| 999 |
_c40344 _d40344 |
||